<?xml version="1.0" encoding="UTF-8"?>
<collection xmlns="http://www.loc.gov/MARC21/slim">
 <record>
  <leader>02025pamaa2200217   4500</leader>
  <controlfield tag="001">0000046595</controlfield>
  <controlfield tag="005">20100121090000.0</controlfield>
  <controlfield tag="008">100121                             eng  </controlfield>
  <datafield tag="020" ind1="0" ind2="0">
   <subfield code="a">9780132321105 (pbk.) </subfield>
  </datafield>
  <datafield tag="082" ind1=" " ind2=" ">
   <subfield code="a">530 GIA 2008</subfield>
  </datafield>
  <datafield tag="090" ind1="0" ind2="0">
   <subfield code="a">QC21.2 </subfield>
   <subfield code="b">GIA 2008</subfield>
  </datafield>
  <datafield tag="100" ind1="1" ind2="0">
   <subfield code="a">Giancoli </subfield>
  </datafield>
  <datafield tag="245" ind1="1" ind2="0">
   <subfield code="a">Physics : </subfield>
   <subfield code="b">for scientists and engineers  </subfield>
   <subfield code="c">Douglas C. Giancoli.</subfield>
  </datafield>
  <datafield tag="250" ind1="0" ind2="0">
   <subfield code="a">4th ed (International ed).</subfield>
  </datafield>
  <datafield tag="260" ind1="0" ind2="0">
   <subfield code="a">New Jersey: </subfield>
   <subfield code="b">Prentice Hall, </subfield>
   <subfield code="c">2008.</subfield>
  </datafield>
  <datafield tag="300" ind1=" " ind2=" ">
   <subfield code="a">xix, 10163p. (A-63): </subfield>
   <subfield code="b">col.ill.; </subfield>
   <subfield code="c">27cm.</subfield>
  </datafield>
  <datafield tag="501" ind1="0" ind2="0">
   <subfield code="a">AUP</subfield>
  </datafield>
  <datafield tag="504" ind1="0" ind2="0">
   <subfield code="a">Includes bibliographical references and index</subfield>
  </datafield>
  <datafield tag="505" ind1="0" ind2="0">
   <subfield code="a">Introduction, measurement, estimating -- Mechanics -- Describing motion -- Kinematics in two or three dimensions -- Dynamics -- Using Newton's laws -- Gravitation and Newton's synthesis -- Work and energy -- Conservation of energy -- Linear momentum -- Rotational motion -- Angular momentum -- Static equilibrium -- Fluids, vibrations, waves, sound -- Fluids -- Oscillations -- Wave motion -- Sound -- Kinetic theory and thermodynamics -- Temperature, thermal expansion, and the ideal gas law -- Kinetic theory of gases -- Heat and the first law of thermodynamics -- Second law of thermodynamics -- Electricity and magnetism -- Electric charge and electric field -- Gauss's law -- Electric potential -- Capacitance, dielectrics, electric energy storage -- Electric currents and resistance -- DC circuits -- Magnetism -- Sources of magnetic field -- Electromagnetic induction and faraday's Law -- Inductance, electromagnetic oscillations -- Maxwell's equations and electromagnetic waves -- Light -- Lenses and optical instruments -- The wave nature of light -- Diffraction and polarization -- Modern physics -- Special theory of relativity -- Early quantum theory and models of the atom -- Quantum mechanics -- Quantum mechanics of atoms -- Molecules and solids -- Nuclear physics and radioactivity -- Nuclear energy -- Elementary particles -- Astrophysics and cosmology</subfield>
  </datafield>
  <datafield tag="650" ind1="0" ind2="0">
   <subfield code="a">Physics </subfield>
  </datafield>
  <datafield tag="901" ind1=" " ind2=" ">
   <subfield code="u">www.pearsonhighered.com</subfield>
  </datafield>
 </record>
</collection>
